000 00209nam a2200097Ia 4500
008 240331s9999 xx 000 0 und d
082 _bDES
100 _aDe Silva, D
245 0 _aWomen in parliament
942 _cL
999 _c1454
_d1454